Manual de hidráulica: para la resolución de problemas de hidráulica
Salvato in:
| Autore principale: | |
|---|---|
| Natura: | Libro |
| Lingua: | spagnolo |
| Pubblicazione: |
Ciudad de México
UTEHA
1962
|
| Soggetti: | |
| Tags: |
Aggiungi Tag
Nessun Tag, puoi essere il primo ad aggiungerne!!
|
MARC
| LEADER | 00000nam a2200000 a 4500 | ||
|---|---|---|---|
| 001 | UCR0088 | ||
| 003 | CL-VaPUC | ||
| 008 | 971129e19620000MX |||||||||||||||||spa|d | ||
| 082 | 0 | 4 | |a 627 |b KIN |2 21 |
| 100 | |a King, Horace Williams |e author |9 463628 | ||
| 245 | 1 | 0 | |a Manual de hidráulica: para la resolución de problemas de hidráulica |
| 300 | |a 536 p | ||
| 942 | |c BK | ||
| 945 | |d 19971129 00:00:00 |a rleighto | ||
| 260 | |a Ciudad de México |b UTEHA |c 1962 | ||
| 650 | 0 | |a Ingeniería hidráulica |9 260281 | |
| 650 | 0 | |a Vertederos |9 332055 | |
| 650 | 7 | |a CANALES |2 CL-VaPUC |9 264188 | |
| 650 | 0 | |a Hidrostática |9 260944 | |
| 650 | 0 | |a Tuberías |9 259420 | |
| 583 | |a last modification |c 19971129 00:00:00 |k Rodrigo Vera | ||
| 999 | |c 263743 |d 263741 | ||